| 000 | 01045nam a2200277 a 4500 | ||
|---|---|---|---|
| 001 | 000015091 | ||
| 003 | DO-SdBNP | ||
| 005 | 20250130190743.0 | ||
| 007 | ta | ||
| 008 | 100201s2004 dr ac r 000 0 spa d | ||
| 020 | _a9993497436 | ||
| 040 |
_aDO-SdBNP _bspa _cBNPHU |
||
| 082 | 4 |
_a339.46 _bE56r _222 |
|
| 100 | 1 |
_aEncarnación, Pedro _934173 |
|
| 245 | 1 | 3 |
_aLa revolución de la pobreza : _bel uso de la pobreza como chantaje político, la quiebra del Banco de los Trabajadores y del Cooperativismo Nacional, Peculado vs. pobreza / _cPedro Encarnación. |
| 260 |
_aSanto Domingo : _bManatí, _c2004. |
||
| 300 |
_a270 p. : _bil. ; retrs. ; _c22 cm. |
||
| 500 | _aIncluye datos biográficos del autor en la solapa de la cubierta | ||
| 504 | _aBibliografía : p. 267-270 | ||
| 590 | _aInventariado, 2018/BT | ||
| 650 | 4 |
_aPobreza _zRepública Dominicana _92079 |
|
| 650 | 4 |
_aPobreza _zAmérica Latina _94088 |
|
| 651 | 4 |
_aRepública Dominicana _xCondiciones sociales _946 |
|
| 910 | _aValidado. Control de calidad. MFF | ||
| 942 |
_2ddc _cLBS1 |
||
| 999 |
_c14663 _d14663 |
||